000 00939cam a2200301 i 4500
999 _c9706
_d9706
001 9706
003 BD-JhCC
005 20180328171049.0
008 180322s1974 stka d 000 0 eng
020 _a0550132023 :
_c£8.00
035 _a(BD-JhCC)9706
040 _aDLC
_cDLC
_dDLC
_dBD-JhCC
041 _aeng
050 0 0 _aQ123
_b.D53 1974
082 0 0 _a503
_bDIC 1974
245 0 0 _aDictionary of science and technology /
_cT. C. Collocott, A. B. Dobson,
250 _aRevised ed. /
260 _aEdinburgh :
_bW. and R. Chambers,
_c1974.
300 _axvi, 1328 p. :
_bill. ;
_c22 cm.
500 _aSpine title: Chambers dictionary of science and technology.
650 0 _aScience
_xDictionaries.
650 0 _aTechnology
_xDictionaries.
700 1 _aCollocott, T. C.,
700 1 _aDobson, A. B.
_q(Alan Binaloss),
740 _aChambers dictionary of science and technology.
942 _2ddc
_cBK